Crítiques de teatre : 'La Publicitat', 1922-1927 / Josep M. de Sagarra ; edició a cura de Xavier Fàbregas 'La Publicitat', 1922-1927 / Josep M. de Sagarra ; edició a cura de Xavier Fàbregas
Descripción Física:
516 p. ; 21 cm
Colección:
Monografies de teatre ; 21
Otros Autores:
Fàbregas, Xavier, 1931-1985
Materias:
Crítica teatral -- Catalunya
MARC
| LEADER | 00000nam a2200000Ia 4500 | ||
|---|---|---|---|
| 001 | 7621 | ||
| 008 | 160829s1987 xx 000 0 cat d | ||
| 080 | |a B-1-179 | ||
| 100 | 1 | |a Sagarra, Josep M. de, |d 1894-1961 |e autor |9 56454 | |
| 245 | |a Crítiques de teatre : |b 'La Publicitat', 1922-1927 / Josep M. de Sagarra ; edició a cura de Xavier Fàbregas | ||
| 260 | |a Barcelona : |b Institut del Teatre de la Diputació de Barcelona : |b Edicions 62, |c 1987 | ||
| 300 | |a 516 p. ; |c 21 cm | ||
| 490 | |a Monografies de teatre ; 21 | ||
| 650 | |a Crítica teatral |x Catalunya |9 35904 | ||
| 700 | 1 | |a Fàbregas, Xavier, |d 1931-1985 |e editor literari |9 50443 | |
| 710 | 1 | |a Institut del Teatre (Barcelona, Catalunya) |9 52662 | |
| 901 | |a Arxiu | ||
| 942 | |n 1 |2 udc | ||
| 952 | |0 0 |1 0 |4 0 |6 B1179 |7 1 |9 46642 |a Arxiu |b Arxiu |d 2016-12-01 |l 0 |o B-1-179 |p 7621 |r 2016-12-01 00:00:00 |w 2016-12-01 |y ARXIU | ||
| 999 | |c 50435 |d 50435 | ||